000 00625aas a2200169 4500
999 _c50489
_d50489
001 768714001
003 CO-MdFUSB
005 20170923100352.0
008 170912s1993 cr ||||| |||| 00| 0 spa d
040 _aCO-MdFUSB
_bspa
_cCO-MdFUSB
_dCO-MdFUSB
041 _aspa
100 1 _aSimpson, Charles
_eautor
245 1 0 _aJesús, nuestro campeón :
_buna imagen fresca de la identificación de Cristo con todos nosotros
_c/ Simpson, Charles
300 _aVolumen 3. Número 2 (1993), páginas 18-20
_c: 28 cm.
773 0 _tConquista Cristiana
_049446
_960320
_gVolumen 3. Número 2 (1993), páginas 18-20
_qPágina 18.
942 _cANA